| 000 | 00899nam a22002537a 4500 | ||
|---|---|---|---|
| 005 | 20170124103035.0 | ||
| 010 | _aA-776365 | ||
| 020 |
_c40.00 _a8185469547 |
||
| 035 | _aA-776365 | ||
| 037 | _bCen Lib/Ret | ||
| 040 |
_aDPL _bHN |
||
| 082 |
_a821 _bसहग |
||
| 100 |
_aसहगल, सत्यपाल _965263 |
||
| 245 |
_aकई चीजें / _cसत्यपाल सहगल |
||
| 246 |
_aKai cheejain / _bby Satyapal Sehgal |
||
| 260 |
_aपंचकुला _bआधार प्रकाशन _c1995 |
||
| 270 |
_a372 / सेक्टर-17 _bपंचकुला |
||
| 300 |
_a104पृ. _c21सेमी (सजिल्द) |
||
| 650 |
_aहिन्दी साहित्य _965264 |
||
| 650 |
_aकविताएं _965265 |
||
| 650 |
_aHindi literature _965266 |
||
| 650 |
_aPoetry _965267 |
||
| 942 |
_2ddc _cHN _h821 _mसहग |
||
| 999 |
_c116190 _d116190 |
||